000 00951nam a2200241 a 4500
001 000343570
003 AM-YeHGA
005 20250618072136.0
008 040615s1981 ai |||||r|||||||||0|arm|d
040 _aAM-YeHGA
041 0 _aarm
100 1 _aՄարուխյան, Ռուբեն Արամի,
_d1934-2024
_92697
245 1 0 _aԱյս զարմանալի, այս հրաշալի տիկնիկները /
_cՌ. Մարուխյան ; Խմբ.՝ Հ.Վ. Վարդանյան ; Նկ.՝ Գ.Խ. Գյուլամիրյան.
260 _aԵրևան :
_bՍովետական գրող,
_c1981.
300 _a76 էջ :
_bգունանկ. ;
_c21 սմ.
650 1 4 _aԹատրոն
650 1 4 _aՏիկնիկային թատրոն
653 0 _aՏիկնիկագործություն
700 1 _aՎարդանյան, Հայկ Վարդանի,
_d1926-1995
_eխմբ.
_4edt
_92801
700 1 _aԳյուլամիրյան, Գ.Խ.
_eնկ.
_4art
942 _2udc
_cBK
090 _c132023
999 _c130658
_d130658